[Event "Sparkassen Chess Trophy 2024 A-Open"]
[Site "Dortmund"]
[Date "2024.08.11"]
[Round "2"]
[White "Sondermann, Dirk"]
[Black "Buchinger, Alexis"]
[Result "1-0"]
[WhiteElo "1918"]
[BlackElo "1991"]
[PlyCount "111"]
[EventDate "2024.08.10"]

1. d4 d5 2. c4 e6 3. Nf3 Nf6 4. g3 Be7 5. Bg2 O-O 6. O-O a6 7. a4 dxc4 8. Qc2 Nc6 9. Qxc4 Qd5 10. Qxd5 Nxd5 11. Nc3 Ncb4 12. Bf4 Bd6 13. Rfd1 Rd8 14. e3 Bxf4 15. gxf4 f6 16. Ne1 Ne7 17. Rac1 c6 18. a5 Ned5 19. Na4 Rb8 20. Rc4 Na2 21. Nd3 b5 22. axb6 Nxb6 23. Nxb6 Rxb6 24. Ra4 e5 25. fxe5 Be6 26. Nc5 Bg4 27. Ra1 Nb4 28. exf6 gxf6 29. h3 Be2 30. Bf1 Bxf1 31. Kxf1 Rd5 32. Rc1 Rh5 33. Nd7 Rxh3 34. Kg2 Rb5 35. Kxh3 Nd3 36. Rc2 Rh5+ 37. Kg3 Rg5+ 38. Kh4 Kg7 39. Nc5 Ne1 40. Ne6+ Kg6 41. Nf4+ Kh6 42. Rc1 Nf3+ 43. Kh3 Ng1+ 44. Rxg1 Rxg1 45. Rxa6 Kg5 46. Rxc6 h5 47. Rc8 Rh1+ 48. Kg2 Rd1 49. Rg8+ Kh4 50. Kf3 f5 51. Rh8 Kg5 52. Rxh5+ Kf6 53. Rh6+ Kg7 54. Rg6+ Kh8 55. Ne6 Rd2 56. Rh6+ 1-0

[Event "Sparkassen Chess Trophy 2024 A-Open"]
[Site "Dortmund"]
[Date "2024.08.11"]
[Round "2"]
[White "Brotto, Alessandro"]
[Black "Heinzel, Thomas"]
[Result "1-0"]
[WhiteElo "2037"]
[BlackElo "1866"]
[PlyCount "59"]
[EventDate "2024.08.10"]

1. e4 c5 2. Nf3 e6 3. g3 d5 4. exd5 exd5 5. d4 Nf6 6. Bg2 cxd4 7. O-O Be7 8. Nxd4 O-O 9. Nc3 Nc6 10. a3 h6 11. Bf4 Bg4 12. Qd3 Qd7 13. Rfe1 Rac8 14. h3 Bxh3 15. Nxc6 bxc6 16. Bxh3 Qxh3 17. Rxe7 Ng4 18. Qf3 g5 19. Bd6 f5 20. Qg2 Qh5 21. Rae1 d4 22. Nd1 Rfd8 23. R1e6 Rf8 24. Qh1 Qxh1+ 25. Kxh1 Rcd8 26. Rg6+ Kh8 27. f3 Rf6 28. Be5 Nxe5 29. Rxf6 Nxf3 30. Nf2 1-0

[Event "Sparkassen Chess Trophy 2024 A-Open"]
[Site "Dortmund"]
[Date "2024.08.11"]
[Round "2"]
[White "Spickermann, Sven"]
[Black "Stevens, Titus"]
[Result "0-1"]
[WhiteElo "1920"]
[BlackElo "2005"]
[PlyCount "78"]
[EventDate "2024.08.10"]

1. e4 c5 2. Nf3 d6 3. d4 cxd4 4. Nxd4 Nf6 5. Nc3 Nc6 6. Bg5 e6 7. Qd2 a6 8. O-O-O Be7 9. f4 Bd7 10. Be2 Qa5 11. Nb3 Qc7 12. Bxf6 gxf6 13. Bf3 O-O-O 14. Rhe1 Kb8 15. Kb1 Na5 16. Nxa5 Qxa5 17. Qe3 Qc5 18. Qxc5 dxc5 19. e5 Kc7 20. Ne4 f5 21. Nd2 h5 22. g3 b5 23. c4 h4 24. g4 fxg4 25. Bxg4 h3 26. Re3 Rh4 27. Bxh3 Bc6 28. Kc2 Rxf4 29. Rf1 Bg5 30. Rxf4 Bxf4 31. Re2 Rh8 32. Rf2 Bxd2 33. Rxf7+ Kb6 34. Bxe6 Rxh2 35. cxb5 axb5 36. Kd3 Bc1 37. Bg4 Rd2+ 38. Kc3 b4+ 39. Kb3 Bd5+ 0-1

[Event "Sparkassen Chess Trophy 2024 A-Open"]
[Site "Dortmund"]
[Date "2024.08.11"]
[Round "2"]
[White "Mader, Fabian"]
[Black "Berresheim, Nils"]
[Result "0-1"]
[WhiteElo "2019"]
[BlackElo "1838"]
[PlyCount "72"]
[EventDate "2024.08.10"]

1. e4 c5 2. Nf3 d6 3. d4 cxd4 4. Nxd4 Nf6 5. Nc3 a6 6. Be3 e6 7. Be2 Qc7 8. O-O Be7 9. f4 O-O 10. a4 b6 11. Bf3 Bb7 12. g4 Nc6 13. g5 Nxd4 14. Bxd4 Nd7 15. Be3 e5 16. f5 f6 17. h4 Nc5 18. Kh1 Rad8 19. Nd5 Bxd5 20. Qxd5+ Kh8 21. Rg1 b5 22. axb5 axb5 23. b4 Na4 24. Qxb5 Nc3 25. Qd3 d5 26. exd5 e4 27. Bxe4 Qe5 28. Bf3 Nxd5 29. Bd4 Qd6 30. Bc5 Qe5 31. Bxe7 Nxe7 32. Qe4 Qc3 33. Ra7 Rd4 34. Qxe7 Qxf3+ 35. Rg2 Qf1+ 36. Kh2 Rxh4+ 0-1

[Event "Sparkassen Chess Trophy 2024 A-Open"]
[Site "Dortmund"]
[Date "2024.08.11"]
[Round "2"]
[White "Udelnov, Valentin"]
[Black "Jess, Stefan"]
[Result "1-0"]
[WhiteElo "2037"]
[BlackElo "1920"]
[PlyCount "45"]
[EventDate "2024.08.10"]

1. e4 e5 2. Nf3 Nf6 3. Nc3 Nc6 4. Bb5 d6 5. O-O a6 6. Bxc6+ bxc6 7. Re1 Bg4 8. d4 Bxf3 9. Qxf3 Be7 10. dxe5 dxe5 11. Qg3 Qd6 12. b3 O-O 13. Bb2 Nh5 14. Qf3 Nf4 15. Nd1 Qe6 16. Ne3 Bd6 17. Rad1 Rad8 18. Nc4 f5 19. exf5 Rxf5 20. Rxe5 Bxe5 21. Rxd8+ Kf7 22. Nxe5+ Rxe5 23. Qxf4+ 1-0

[Event "Sparkassen Chess Trophy 2024 A-Open"]
[Site "Dortmund"]
[Date "2024.08.11"]
[Round "2"]
[White "Van Amerongen-Jansen, Peggy"]
[Black "Sheng, Ming"]
[Result "0-1"]
[WhiteElo "1931"]
[BlackElo "2035"]
[PlyCount "118"]
[EventDate "2024.08.10"]

1. e4 c6 2. d4 d5 3. exd5 cxd5 4. Bd3 Nc6 5. c3 Nf6 6. h3 g6 7. Nf3 Bf5 8. O-O Bxd3 9. Qxd3 Bg7 10. Bf4 O-O 11. Nbd2 a6 12. Rfe1 Nh5 13. Bh2 Nf6 14. Ne5 Nxe5 15. Bxe5 Nd7 16. Bxg7 Kxg7 17. Re2 e6 18. Nf3 b5 19. Ne5 Nxe5 20. dxe5 Qc7 21. Rd1 Rac8 22. a3 Qe7 23. Qe3 Rc6 24. Rd4 Rfc8 25. g3 Rc4 26. Red2 a5 27. Rxc4 Rxc4 28. Rd4 Qc7 29. Qf4 h5 30. Kg2 Kf8 31. Qh6+ Ke7 32. Qf4 Rxd4 33. Qxd4 Ke8 34. Kf3 Kd7 35. b3 Kc8 36. Ke2 Kb7 37. f4 Qc6 38. Kd2 Qc7 39. Qd3 Qc5 40. h4 Kc6 41. a4 b4 42. cxb4 Qxb4+ 43. Ke3 Qe1+ 44. Kf3 Kc5 45. Qb5+ Kd4 46. Qb6+ Kd3 47. Kg2 Qd2+ 48. Kh1 Ke4 49. Qg1 Kf3 50. b4 axb4 51. a5 Qf2 52. Qd1+ Kxg3 53. Qb3+ Qf3+ 54. Qxf3+ Kxf3 55. a6 b3 56. a7 b2 57. a8=Q b1=Q+ 58. Kh2 Qc2+ 59. Kg1 Qg2# 0-1

[Event "Sparkassen Chess Trophy 2024 A-Open"]
[Site "Dortmund"]
[Date "2024.08.11"]
[Round "2"]
[White "Kosev, Momchil"]
[Black "Theisen, Johannes"]
[Result "1/2-1/2"]
[WhiteElo "1988"]
[BlackElo "1927"]
[PlyCount "49"]
[EventDate "2024.08.10"]

1. d4 d5 2. c4 e6 3. Nf3 a6 4. g3 dxc4 5. Bg2 Nf6 6. O-O Be7 7. Ne5 Nbd7 8. Nxc4 O-O 9. Nc3 c5 10. dxc5 Bxc5 11. Bf4 Ra7 12. a4 b6 13. Bd6 Bxd6 14. Nxd6 Ne5 15. Nxc8 Qxc8 16. Qb3 Qb8 17. Rfd1 Rd8 18. h3 Rxd1+ 19. Rxd1 h6 20. Qb4 Rd7 21. Rxd7 Nexd7 22. Qc4 a5 23. b4 axb4 24. Qxb4 Qf8 25. Qb3 1/2-1/2

[Event "Sparkassen Chess Trophy 2024 A-Open"]
[Site "Dortmund"]
[Date "2024.08.11"]
[Round "2"]
[White "Stork, Simon"]
[Black "Richters, Marc"]
[Result "0-1"]
[WhiteElo "2055"]
[BlackElo "1931"]
[PlyCount "136"]
[EventDate "2024.08.10"]

1. d4 Nf6 2. c4 e6 3. Nf3 b6 4. g3 Bb7 5. Bg2 Be7 6. O-O O-O 7. Nc3 d5 8. Ne5 Nbd7 9. cxd5 exd5 10. Qa4 Nb8 11. Bf4 Nh5 12. Rfd1 Nxf4 13. gxf4 f6 14. Nd3 c6 15. b4 Na6 16. Qb3 Nc7 17. a4 Kh8 18. Rac1 Qd6 19. e3 Rfb8 20. Ne2 Ba6 21. Rb1 Bc4 22. Qc3 a5 23. bxa5 bxa5 24. Rxb8+ Rxb8 25. Qxa5 Ra8 26. Qd2 Rxa4 27. Nc3 Ra3 28. Nc5 Nb5 29. N3a4 Qb8 30. Bf1 Qa7 31. Bxc4 dxc4 32. Qc2 c3 33. Qe4 Rxa4 34. Qxc6 Qa8 35. Qxb5 c2 36. Rc1 Ra1 37. Nd3 Rxc1+ 38. Nxc1 Ba3 39. Qb3 Bxc1 40. Qxc2 Ba3 41. Qa2 Qf8 42. Qd5 Bd6 43. Kg2 f5 44. Qe6 g6 45. h3 Kg7 46. Qd5 Qe7 47. Kf1 Kf6 48. Kg1 h5 49. Qg8 Qf7 50. Qh8+ Ke7 51. Qa8 Qe6 52. Qb7+ Kf6 53. Qa8 Kg7 54. Qb7+ Qe7 55. Qd5 Kh7 56. Kf1 Qc7 57. Kg2 Bf8 58. Kf3 Qc1 59. Kg3 Qc2 60. Qf7+ Bg7 61. Qe6 Qc7 62. Qd5 Bf6 63. Kf3 Be7 64. Kg2 Qc2 65. Qe6 Bh4 66. Qd7+ Kh6 67. Qe8 Qxf2+ 68. Kh1 Qf3+ 0-1

[Event "Sparkassen Chess Trophy 2024 A-Open"]
[Site "Dortmund"]
[Date "2024.08.11"]
[Round "2"]
[White "Zamengo, Bruno"]
[Black "Erofeev, Anastasia"]
[Result "1-0"]
[WhiteElo "1932"]
[BlackElo "2030"]
[PlyCount "137"]
[EventDate "2024.08.10"]

1. e4 c5 2. Nf3 e6 3. d4 cxd4 4. Nxd4 a6 5. Bd3 Qc7 6. O-O b5 7. a4 b4 8. c3 Nf6 9. Re1 Bd6 10. h3 Bb7 11. cxb4 Bxb4 12. Bd2 Bc5 13. Nb3 Ba7 14. Na5 Nc6 15. Nxb7 Qxb7 16. Bc3 d6 17. Nd2 e5 18. Nc4 Rd8 19. Na5 Bxf2+ 20. Kxf2 Qb6+ 21. Kf1 Nxa5 22. b4 Nc6 23. b5 Nb8 24. Qd2 Rc8 25. Ba5 Qd4 26. bxa6 O-O 27. Bb5 Qxd2 28. Bxd2 Nbd7 29. Bb4 Nc5 30. Rac1 Nfxe4 31. a7 f5 32. Kg1 Ra8 33. Red1 Rxa7 34. Bxc5 dxc5 35. Rd5 Re7 36. a5 Rc8 37. Bc4 Kf8 38. a6 Nf6 39. Rd6 Ne8 40. Rb6 Ra8 41. Bd5 Raa7 42. Rxc5 Nc7 43. Bc4 g6 44. Rb7 Ne8 45. Rxa7 Rxa7 46. Rxe5 Nd6 47. Bd3 Kf7 48. Kf2 Kf6 49. Ra5 Nf7 50. Ke3 Ne5 51. Be2 Nc6 52. Rc5 Re7+ 53. Kd2 Nd4 54. Bc4 f4 55. Bd5 Ra7 56. Kd3 Nf5 57. Bb7 Nd6 58. Rc6 Ke5 59. Rb6 Ne8 60. Rb5+ Kd6 61. Kd4 Nc7 62. Rb6+ Kd7 63. Kc5 Ne6+ 64. Rxe6 Kxe6 65. Kb6 Rxa6+ 66. Kxa6 h5 67. Kb5 Ke5 68. Kc4 g5 69. Bf3 1-0

[Event "Sparkassen Chess Trophy 2024 A-Open"]
[Site "Dortmund"]
[Date "2024.08.11"]
[Round "2"]
[White "Vollbehr, Bjarne"]
[Black "Blomer, Moritz"]
[Result "1-0"]
[WhiteElo "2019"]
[BlackElo "1939"]
[PlyCount "81"]
[EventDate "2024.08.10"]

1. d4 Nf6 2. c4 g6 3. Nc3 d5 4. cxd5 Nxd5 5. e4 Nxc3 6. bxc3 Bg7 7. Bc4 c5 8. Ne2 Nc6 9. Be3 O-O 10. O-O Na5 11. Bd3 b6 12. Rc1 e5 13. dxc5 Be6 14. c4 bxc5 15. Bxc5 Bh6 16. Rc3 Re8 17. Qc2 Qc7 18. Ba3 Rab8 19. Bc1 Bf8 20. c5 Nc6 21. Qa4 Rb4 22. Qa6 Reb8 23. Be3 Rb2 24. Nc1 Nb4 25. Qa4 Nxa2 26. Ra3 Nxc1 27. Rxc1 R2b3 28. Rxb3 Bxb3 29. Qa6 Be6 30. c6 Bc8 31. Qxa7 Qxa7 32. Bxa7 Rb3 33. Bc4 Rb4 34. Be3 Bd6 35. h3 Kf8 36. Bd5 Ke7 37. Ra1 f5 38. Bg5+ Ke8 39. Ra7 Rb1+ 40. Kh2 Rb2 41. Bf7+ 1-0

[Event "Sparkassen Chess Trophy 2024 A-Open"]
[Site "Dortmund"]
[Date "2024.08.11"]
[Round "2"]
[White "Lang, Nico"]
[Black "Pfaltz, Maximilian"]
[Result "0-1"]
[WhiteElo "1939"]
[BlackElo "2061"]
[PlyCount "80"]
[EventDate "2024.08.10"]

1. d4 Nf6 2. Nd2 d5 3. e3 c5 4. c3 Bf5 5. f4 Nc6 6. Ngf3 cxd4 7. exd4 e6 8. Ne5 Be7 9. Be2 O-O 10. O-O Ne4 11. g4 Nxd2 12. Bxd2 Be4 13. Bd3 Nxe5 14. Bxe4 Nc4 15. Bb1 Qb6 16. Bc1 g6 17. Qe2 Rae8 18. Bd3 Nd6 19. Rf3 Bd8 20. Be3 f5 21. Rg3 Rf7 22. Re1 Ne4 23. Bxe4 fxe4 24. Rf1 Ref8 25. Rg2 Bc7 26. Rgf2 Qc6 27. f5 exf5 28. Bh6 f4 29. Bxf8 Rxf8 30. Qe3 f3 31. Qg5 Bf4 32. Qe7 Be3 33. Re1 Bxf2+ 34. Kxf2 Re8 35. Qg5 Qd6 36. Ke3 Kg7 37. Qh4 Rf8 38. g5 f2 39. Rf1 Rf3+ 40. Ke2 Qa6+ 0-1

[Event "Sparkassen Chess Trophy 2024 A-Open"]
[Site "Dortmund"]
[Date "2024.08.11"]
[Round "2"]
[White "Mann, Gergely"]
[Black "Zhuikov, Edgard"]
[Result "1-0"]
[WhiteElo "2062"]
[BlackElo "1923"]
[PlyCount "93"]
[EventDate "2024.08.10"]

1. d4 Nf6 2. c4 c5 3. d5 b5 4. cxb5 a6 5. bxa6 g6 6. Nc3 Bg7 7. e4 Qa5 8. Bd2 Bxa6 9. Bxa6 Qxa6 10. Nf3 d6 11. Qe2 O-O 12. Qxa6 Nxa6 13. O-O Rfb8 14. b3 Nb4 15. a4 Nc2 16. Ra2 Nd4 17. Nxd4 cxd4 18. Ne2 Nxe4 19. f3 Nxd2 20. Rxd2 Rxb3 21. Nxd4 Rb7 22. Nc6 Rxa4 23. Kf2 Bf6 24. g3 Ra3 25. Rc1 Rbb3 26. f4 g5 27. Rc4 gxf4 28. Rxf4 Rd3 29. Re2 Be5 30. Rb4 Rf3+ 31. Kg2 f6 32. Nxe7+ Kf8 33. Rb7 Rfb3 34. Rc7 Rb2 35. Rxb2 Bxb2 36. Kh3 Ra4 37. Nf5 Be5 38. Rxh7 Ra5 39. Kg4 Rxd5 40. Ne7 Rb5 41. h4 Ke8 42. Nf5 d5 43. h5 Rb4+ 44. Kh3 Rb3 45. h6 Rf3 46. Kg4 Rf1 47. Rg7 1-0

[Event "Sparkassen Chess Trophy 2024 A-Open"]
[Site "Dortmund"]
[Date "2024.08.11"]
[Round "2"]
[White "Herrmann, Jakob"]
[Black "Ruhmann, Gabriel"]
[Result "1-0"]
[WhiteElo "2065"]
[BlackElo "1847"]
[PlyCount "65"]
[EventDate "2024.08.10"]

1. d4 d5 2. c4 e6 3. Nc3 c5 4. cxd5 cxd4 5. Qa4+ Bd7 6. Qxd4 exd5 7. Qxd5 Nf6 8. Qd1 Nc6 9. Nf3 Bc5 10. e3 Qe7 11. a3 O-O 12. Bc4 Bg4 13. O-O Rfd8 14. Qc2 Bh5 15. Bd3 Rac8 16. Bf5 Bg6 17. Bxg6 hxg6 18. Qe2 Nd5 19. Bd2 g5 20. h3 Ne5 21. Nxd5 Rxd5 22. Nxe5 Rxe5 23. Bc3 Re4 24. Rad1 Rc6 25. Rd5 g4 26. hxg4 Rh6 27. g5 Rhh4 28. g3 Reg4 29. Qd3 Bb6 30. Kg2 Qe6 31. Qf5 Qc6 32. f3 Qc4 33. fxg4 1-0

[Event "Sparkassen Chess Trophy 2024 A-Open"]
[Site "Dortmund"]
[Date "2024.08.11"]
[Round "2"]
[White "Linde, Wolfgang"]
[Black "Harringer, Manfred"]
[Result "0-1"]
[WhiteElo "2070"]
[BlackElo "1963"]
[PlyCount "80"]
[EventDate "2024.08.10"]

1. d4 Nf6 2. Nf3 e6 3. c4 d5 4. e3 c5 5. cxd5 Nxd5 6. e4 Nf6 7. Nc3 cxd4 8. Nxd4 a6 9. Be3 Be7 10. Be2 O-O 11. O-O e5 12. Nf5 Bxf5 13. exf5 Nc6 14. Bf3 Qc8 15. g4 h6 16. Rc1 Rd8 17. Qe2 Qc7 18. Qc4 Qa5 19. Rfd1 Rxd1+ 20. Rxd1 Rd8 21. Rxd8+ Qxd8 22. Nd5 e4 23. Nxe7+ Qxe7 24. Be2 Qe5 25. Qb3 b5 26. a4 Na5 27. Qb4 Nc4 28. axb5 axb5 29. b3 Qa1+ 30. Kg2 Nxe3+ 31. fxe3 Qb2 32. Qxb5 Nxg4 33. Kg3 Nxe3 34. Kf4 Nd5+ 35. Qxd5 Qxe2 36. b4 Qxh2+ 37. Ke3 Qg3+ 38. Kxe4 Qg4+ 39. Ke3 Qxb4 40. f6 Qb6+ 0-1

[Event "Sparkassen Chess Trophy 2024 A-Open"]
[Site "Dortmund"]
[Date "2024.08.11"]
[Round "2"]
[White "Lishoy Gengis Paratazham, Dildara"]
[Black "Bungarten, Jona"]
[Result "1-0"]
[WhiteElo "1962"]
[BlackElo "2073"]
[PlyCount "58"]
[EventDate "2024.08.10"]

1. e4 e5 2. Nf3 Nc6 3. Bc4 Nf6 4. d3 h6 5. c3 a6 6. Nbd2 d6 7. Bb3 Qe7 8. a4 Be6 9. Bxe6 Qxe6 10. Qb3 Qxb3 11. Nxb3 d5 12. exd5 Nxd5 13. Be3 O-O-O 14. O-O-O Nxe3 15. fxe3 Bd6 16. e4 b5 17. axb5 axb5 18. Kc2 g6 19. h3 Be7 20. Rhe1 Rd7 21. d4 exd4 22. Nfxd4 Na7 23. Nf3 Rd6 24. e5 Rf8 25. e6 Rxd1 26. Kxd1 Bd6 27. exf7 Kd7 28. Nh4 c5 29. Nxg6 Rd8 1-0

[Event "Sparkassen Chess Trophy 2024 A-Open"]
[Site "Dortmund"]
[Date "2024.08.11"]
[Round "2"]
[White "Rodriguez, Augustin"]
[Black "Lettko, Michael"]
[Result "1/2-1/2"]
[WhiteElo "2079"]
[BlackElo "1937"]
[PlyCount "148"]
[EventDate "2024.08.10"]

1. e4 c6 2. d4 d5 3. e5 Bf5 4. h4 Qc7 5. Nc3 h5 6. Bd3 Bxd3 7. Qxd3 e6 8. Nf3 a6 9. Ne2 c5 10. c4 cxd4 11. cxd5 Qa5+ 12. Bd2 Qxd5 13. Nf4 Qd7 14. Nxd4 Bc5 15. Nb3 Qxd3 16. Nxd3 Bb6 17. Nbc5 Bxc5 18. Nxc5 b6 19. Ne4 Nc6 20. Rh3 Nge7 21. Nd6+ Kf8 22. Rc1 Nxe5 23. Rc7 Nd5 24. Rb7 Rd8 25. Bc3 Nd7 26. Ne4 f6 27. Ra7 a5 28. Rg3 Rg8 29. Bd4 e5 30. Bc3 Ke7 31. Bd2 Rc8 32. Rd3 Rc7 33. Ra6 Nf4 34. Bxf4 exf4 35. Rd5 g6 36. Nd6 Rb8 37. Nb5 Rc5 38. Nc3 Ke6 39. Rd4 Ne5 40. Ne4 Rd5 41. Rxd5 Kxd5 42. Nxf6+ Ke6 43. Ne4 Nd3+ 44. Ke2 Nxb2 45. Ra7 Nc4 46. f3 Rc8 47. Rb7 Rc6 48. Ng5+ Kd5 49. Rd7+ Kc5 50. Ne4+ Kb4 51. Rd3 a4 52. Nc3 Ne3 53. a3+ Kxa3 54. Nd5+ Kb2 55. Nxf4 Nxg2 56. Nd5 Rc5 57. Nxb6 Nf4+ 58. Ke3 Nxd3 59. Nxa4+ Kc2 60. Nxc5 Nxc5 61. f4 Ne6 62. Ke4 Kd2 63. f5 gxf5+ 64. Kxf5 Ke3 65. Kxe6 Ke4 66. Kd6 Kf4 67. Kd5 Kg4 68. Ke4 Kxh4 69. Kf4 Kh3 70. Kf3 h4 71. Kf2 Kh2 72. Kf1 h3 73. Kf2 Kh1 74. Kf1 h2 1/2-1/2

[Event "Sparkassen Chess Trophy 2024 A-Open"]
[Site "Dortmund"]
[Date "2024.08.11"]
[Round "2"]
[White "Brieger, Sebastian"]
[Black "Sommer, Justus"]
[Result "1/2-1/2"]
[WhiteElo "1946"]
[BlackElo "2075"]
[PlyCount "126"]
[EventDate "2024.08.10"]

1. e4 e5 2. Nf3 Nc6 3. Bb5 a6 4. Ba4 Nf6 5. O-O Be7 6. Re1 b5 7. Bb3 d6 8. c3 O-O 9. h3 Na5 10. Bc2 c5 11. d4 Qc7 12. Nbd2 cxd4 13. cxd4 Bb7 14. d5 Rac8 15. Bd3 Nd7 16. Nf1 f5 17. Ng3 f4 18. Nf5 Bd8 19. Bd2 Nc4 20. Rc1 g6 21. Nh6+ Kg7 22. Ng4 h5 23. Ngh2 Qb6 24. Bxc4 bxc4 25. b3 Nc5 26. Rxc4 Nd3 27. Rf1 Nb2 28. Qc2 Nxc4 29. bxc4 Be7 30. Rb1 Qa7 31. Ba5 Rf7 32. Bb6 Qb8 33. Nd2 Bd8 34. Bxd8 Rxd8 35. Nhf3 Kh6 36. c5 dxc5 37. Qxc5 Rc8 38. Qb4 Qc7 39. Kh2 a5 40. Qb2 Re7 41. Qa3 Rd7 42. Rb5 Ba6 43. Rxa5 Be2 44. Ra8 Rxa8 45. Qxa8 Rd8 46. Qa3 g5 47. Qb2 Re8 48. h4 g4 49. Ng5 Kg6 50. Ne6 Qb8 51. Nb3 Bc4 52. g3 fxg3+ 53. fxg3 Re7 54. Qd2 Qh8 55. Qb4 Qf6 56. Qxc4 Qf2+ 57. Kh1 Rf7 58. Nf4+ exf4 59. Qc6+ Rf6 60. Qe8+ Rf7 61. Qg8+ Rg7 62. Qe6+ Kh7 63. Qf5+ Kg8 1/2-1/2

[Event "Sparkassen Chess Trophy 2024 A-Open"]
[Site "Dortmund"]
[Date "2024.08.11"]
[Round "2"]
[White "Dornieden, Jonas"]
[Black "Schloesser, Alexander"]
[Result "1/2-1/2"]
[WhiteElo "2075"]
[BlackElo "1975"]
[PlyCount "66"]
[EventDate "2024.08.10"]

1. d4 d5 2. c4 c6 3. Nc3 Nf6 4. Nf3 dxc4 5. a4 Bf5 6. e3 e6 7. Bxc4 Bb4 8. O-O Nbd7 9. Qb3 a5 10. h3 h6 11. Bd2 O-O 12. Rfe1 Bg6 13. Rad1 Qc7 14. Ne2 Bd6 15. Nh4 Bh7 16. Bd3 Bxd3 17. Qxd3 c5 18. Nc3 Be7 19. Nb5 Qb6 20. Nf3 cxd4 21. Nfxd4 Nc5 22. Qc2 Rac8 23. Bc3 Nce4 24. Qe2 Nxc3 25. bxc3 Ne4 26. Rb1 Qc5 27. Rec1 Qc4 28. Qc2 Nc5 29. Ra1 g6 30. Rcb1 e5 31. Nb3 Nxb3 32. Qxb3 Qxb3 33. Rxb3 b6 1/2-1/2

[Event "Sparkassen Chess Trophy 2024 A-Open"]
[Site "Dortmund"]
[Date "2024.08.11"]
[Round "2"]
[White "Meuer, David"]
[Black "Thiemann, Marc"]
[Result "1/2-1/2"]
[WhiteElo "2087"]
[BlackElo "1974"]
[PlyCount "75"]
[EventDate "2024.08.10"]

1. e4 c5 2. c3 Nf6 3. e5 Nd5 4. d4 cxd4 5. Nf3 d6 6. Bc4 Nb6 7. Bb3 Nc6 8. exd6 Qxd6 9. O-O Bf5 10. Nxd4 Nxd4 11. cxd4 e6 12. Nc3 Rd8 13. Qf3 Qd7 14. Be3 Bd6 15. d5 O-O 16. dxe6 fxe6 17. Qh5 Kh8 18. Bg5 Rde8 19. Rad1 Qc6 20. Qh4 a6 21. Rc1 Qd7 22. Rfd1 Nc8 23. Ne4 Bxe4 24. Qxe4 Qf7 25. Be3 Bb8 26. Bc2 Qh5 27. g3 Nd6 28. Qb4 Nf5 29. Bxf5 exf5 30. Bf4 Ba7 31. Re1 b5 32. Kg2 Qf7 33. Qd6 Qb7+ 34. Kg1 Bb8 35. Qb4 Bxf4 36. Qxf4 Qd5 37. a3 h6 38. Rcd1 1/2-1/2

[Event "Sparkassen Chess Trophy 2024 A-Open"]
[Site "Dortmund"]
[Date "2024.08.11"]
[Round "2"]
[White "Prueske, Wolfgang"]
[Black "Zwirs, Jasper"]
[Result "0-1"]
[WhiteElo "1970"]
[BlackElo "2088"]
[PlyCount "86"]
[EventDate "2024.08.10"]

1. e4 c5 2. d4 cxd4 3. Qxd4 Nc6 4. Qd3 g6 5. Nc3 Bg7 6. Nf3 d6 7. Be2 Nf6 8. O-O O-O 9. Nd5 Bg4 10. Nxf6+ Bxf6 11. c3 Qa5 12. h3 Bxf3 13. Qxf3 Rfd8 14. Rd1 Ne5 15. Qg3 Rac8 16. Rd5 Qa4 17. Rd4 Qc6 18. Bg5 Nd7 19. Rc4 Qb6 20. Rb4 Qc7 21. Bxf6 Nxf6 22. Rd1 a5 23. Rbd4 e5 24. Rc4 Qb6 25. Qf3 Kg7 26. Rxc8 Rxc8 27. Rd2 a4 28. a3 Qc6 29. Bd3 Nd7 30. Bc2 Nc5 31. Qd1 Rd8 32. f3 Qb6 33. Kh2 Qxb2 34. c4 Ne6 35. Bxa4 Qxa3 36. Rd3 Qb4 37. Qb3 Qxb3 38. Rxb3 Nc5 39. Rb4 Ra8 40. Bb5 f5 41. exf5 gxf5 42. Rb1 Kf6 43. Rd1 Ke6 0-1

[Event "Sparkassen Chess Trophy 2024 A-Open"]
[Site "Dortmund"]
[Date "2024.08.11"]
[Round "2"]
[White "Beisteiner, Joachim"]
[Black "Riechenberg, Maximilian"]
[Result "1-0"]
[WhiteElo "2089"]
[BlackElo "1981"]
[PlyCount "47"]
[EventDate "2024.08.10"]

1. e4 e5 2. Nf3 Nc6 3. Bc4 Bc5 4. c3 Nf6 5. d3 d6 6. O-O O-O 7. Re1 a5 8. h3 h6 9. Nbd2 Ba7 10. Nf1 Ne7 11. d4 Ng6 12. Bd3 Re8 13. Ng3 c6 14. Be3 Bb8 15. Qc2 Nh7 16. Qd2 Nh4 17. Nh2 Qf6 18. f4 Qg6 19. Qf2 exf4 20. Bxf4 Ng5 21. Rad1 f5 22. exf5 Rxe1+ 23. Rxe1 Bxf5 24. Bxg5 1-0

[Event "Sparkassen Chess Trophy 2024 A-Open"]
[Site "Dortmund"]
[Date "2024.08.11"]
[Round "2"]
[White "Stoll, Thomas"]
[Black "Kruse, Victor"]
[Result "1/2-1/2"]
[WhiteElo "1978"]
[BlackElo "2063"]
[PlyCount "89"]
[EventDate "2024.08.10"]

1. e4 c6 2. d4 d5 3. e5 c5 4. dxc5 e6 5. a3 Bxc5 6. Nf3 Nd7 7. b4 Be7 8. Bb2 a5 9. b5 Nh6 10. c4 dxc4 11. Bxc4 Qc7 12. Nbd2 O-O 13. Rc1 Nc5 14. O-O b6 15. Qe2 Bb7 16. Ba2 Qd7 17. Rfd1 Nd3 18. Ne4 Nxc1 19. Bxc1 Qc7 20. Bxh6 gxh6 21. Bb1 Rfd8 22. Re1 Kg7 23. Qe3 Rd5 24. Ng3 Kf8 25. Qxh6+ Ke8 26. Bxh7 Rad8 27. h4 Rd1 28. Qe3 Bxf3 29. gxf3 Rxe1+ 30. Qxe1 Bxh4 31. Nh5 Qc5 32. a4 Qd4 33. Kg2 Ke7 34. Bb1 Rg8+ 35. Ng3 Bxg3 36. fxg3 Qxa4 37. Qc3 Qxb5 38. Qc7+ Qd7 39. Qxb6 a4 40. Qb4+ Kd8 41. Qb8+ Qc8 42. Qd6+ Qd7 43. Qb8+ Qc8 44. Qd6+ Qd7 45. Qb8+ 1/2-1/2

[Event "Sparkassen Chess Trophy 2024 A-Open"]
[Site "Dortmund"]
[Date "2024.08.11"]
[Round "2"]
[White "Murawski, Jan"]
[Black "Manukonda Arun"]
[Result "1/2-1/2"]
[WhiteElo "2093"]
[BlackElo "1988"]
[PlyCount "162"]
[EventDate "2024.08.10"]

1. d4 d5 2. c4 c6 3. Nc3 Nf6 4. Nf3 dxc4 5. a4 Bf5 6. Ne5 Nbd7 7. Nxc4 Qc7 8. g3 e5 9. dxe5 Nxe5 10. Bf4 Nfd7 11. Bg2 f6 12. O-O g5 13. Bxe5 Nxe5 14. Nxe5 Qxe5 15. a5 a6 16. Qb3 O-O-O 17. e3 Be6 18. Qa4 Kc7 19. Rac1 h5 20. Ne2 Qb5 21. Qxb5 axb5 22. Nd4 Bc4 23. Rxc4 bxc4 24. Ne6+ Kc8 25. Nxd8 Kxd8 26. a6 bxa6 27. Ra1 Kd7 28. Rxa6 Bd6 29. Bxc6+ Kc7 30. Bb5 Be5 31. Rc6+ Kb7 32. Rxc4 Bxb2 33. h4 Be5 34. Bd7 Bd6 35. Bf5 Be5 36. Kg2 Bd6 37. Be4+ Kb8 38. Bf5 Kb7 39. Kf3 Bc7 40. Be6 Re8 41. Bf7 g4+ 42. Ke2 Re5 43. Rf4 Bd8 44. Bg6 Kc6 45. Rf5 Kd6 46. Rxh5 Rxh5 47. Bxh5 f5 48. Bg6 Ke5 49. Be8 Bf6 50. Kd3 Be7 51. Bg6 Kf6 52. Bh7 Bb4 53. e4 Bc5 54. Ke2 fxe4 55. Bxe4 Bb6 56. Bb7 Kg6 57. Bc8 Kh5 58. Bd7 Bc5 59. Be8+ Kh6 60. Kf1 Bd4 61. Bd7 Kh5 62. Kg2 Bc5 63. Bxg4+ Kxg4 64. f3+ Kf5 65. Kh3 Be3 66. Kh2 Bd4 67. Kg2 Be5 68. Kh3 Bd4 69. f4 Bc3 70. h5 Bf6 71. Kg2 Kg4 72. h6 Kh5 73. h7 Kg6 74. g4 Kxh7 75. Kf3 Kg6 76. Ke4 Bb2 77. Kd5 Kf6 78. Kd6 Bc1 79. g5+ Kf5 80. g6 Bxf4+ 81. Ke7 Kxg6 1/2-1/2

[Event "Sparkassen Chess Trophy 2024 A-Open"]
[Site "Dortmund"]
[Date "2024.08.11"]
[Round "2"]
[White "Scholz, Benedict"]
[Black "Zimmermann, Luc"]
[Result "1/2-1/2"]
[WhiteElo "1990"]
[BlackElo "2095"]
[PlyCount "42"]
[EventDate "2024.08.10"]

1. e4 e6 2. d4 d5 3. Nd2 Be7 4. Ngf3 Nf6 5. e5 Nfd7 6. Bd3 c5 7. c3 Nc6 8. O-O g5 9. Nb1 g4 10. Ne1 f5 11. exf6 Nxf6 12. Bg5 cxd4 13. Bxf6 Bxf6 14. Qxg4 Qe7 15. Nf3 Bd7 16. Nxd4 O-O-O 17. Nxc6 bxc6 18. Qa4 Kb8 19. Nd2 Ka8 20. Nb3 Rb8 21. Qa5 Rhg8 1/2-1/2

[Event "Sparkassen Chess Trophy 2024 A-Open"]
[Site "Dortmund"]
[Date "2024.08.11"]
[Round "2"]
[White "Malinowsky, Levi"]
[Black "Vihan, Shourya"]
[Result "1-0"]
[WhiteElo "2006"]
[BlackElo "1998"]
[PlyCount "67"]
[EventDate "2024.08.10"]

1. e4 c5 2. Nf3 e6 3. d4 cxd4 4. Nxd4 Nf6 5. Nc3 Nc6 6. Ndb5 Bc5 7. Nd6+ Ke7 8. Bf4 e5 9. Nf5+ Kf8 10. Bg5 d6 11. Ne3 h6 12. Bxf6 Qxf6 13. Be2 Be6 14. O-O g6 15. Ncd5 Bxd5 16. Nxd5 Qh4 17. Qd3 Kg7 18. c3 a5 19. Kh1 Qd8 20. Rad1 Qd7 21. f4 Rad8 22. f5 f6 23. fxg6 Rhf8 24. Rxf6 Rxf6 25. Nxf6 Kxf6 26. Rf1+ Kxg6 27. Qg3+ Kh7 28. Bc4 Qg7 29. Rf7 Rg8 30. Rxg7+ Rxg7 31. Qf3 Na7 32. Qf5+ Kh8 33. Qf8+ Kh7 34. Be6 1-0